Normal view
MARC view
- تاليف جيرالز ، الين ؛ ترجمة بيداء علي العبيدي ؛ مراجعة حمد جهاد الجمل
Entry Personal Name
001 - CONTROL NUMBER
- control field: 26052
003 - CONTROL NUMBER IDENTIFIER
- control field: JO-AjAnu
005 - DATE AND TIME OF LATEST TRANSACTION
- control field: 20230606074437.0
008 - FIXED-LENGTH DATA ELEMENTS
- fixed length control field: 230606|| aca||aabn | a|a d
040 ## - CATALOGING SOURCE
- Original cataloging agency: JO-AjAnu
- Transcribing agency: JO-AjAnu
100 ## - HEADING--PERSONAL NAME
- Personal name: تاليف جيرالز ، الين ؛ ترجمة بيداء علي العبيدي ؛ مراجعة حمد جهاد الجمل
670 ## - SOURCE DATA FOUND
- Source citation: Work cat.: (JO-AjAnu)13391: تاليف جيرالز ، الين ؛ ترجمة بيداء علي العبيدي ؛ مراجعة حمد جهاد الجمل , author, الاطفال المصابون بالشلل الدماغي دليل الاباء